NHL MVPs by Picture - Statistics

General Stats
  • This quiz has been taken 73 times
    14 since last reset
  • The average score is 32 of 63
Answer Stats
Picture Hint Answer % Correct
2008 | 2009 | 2013 Alexander Ovechkin
92%
2022 Auston Matthews
92%
2017 | 2021 | 2023 Connor McDavid
92%
1952 | 1953 | 1957 | 1958 | 1960 | 1963 Gordie Howe
92%
2024 Nathan MacKinnon
92%
2016 Patrick Kane
92%
2007 | 2014 Sidney Crosby
92%
1980 | 1981 | 1982 | 1983 | 1984 | 1985 | 1986 | 1987 | 1989 Wayne Gretzky
92%
1970 | 1971 | 1972 Bobby Orr
83%
2011 Corey Perry
83%
2012 Evgeni Malkin
83%
2020 Leon Draisaitl
83%
1988 | 1993 | 1996 Mario Lemieux
83%
2004 Martin St. Louis
83%
1947 Maurice Richard
83%
2015 Carey Price
75%
2010 Henrik Sedin
75%
1999 Jaromír Jágr
75%
1990 | 1992 Mark Messier
75%
1965 | 1966 Bobby Hull
67%
1991 Brett Hull
67%
1977 | 1978 Guy Lafleur
67%
2006 Joe Thornton
67%
2002 José Théodore
67%
2019 Nikita Kucherov
67%
2018 Taylor Hall
67%
2025 Connor Hellebuyck
58%
1956 | 1964 Jean Béliveau
58%
2001 Joe Sakic
58%
1969 | 1974 Phil Esposito
58%
1967 | 1968 Stan Mikita
58%
1973 | 1975 | 1976 Bobby Clarke
50%
2000 Chris Pronger
50%
1997 | 1998 Dominik Hašek
50%
2003 Peter Forsberg
50%
1994 Sergei Fedorov
50%
1979 Bryan Trottier
42%
1995 Eric Lindros
42%
1928 | 1931 | 1932 Howie Morenz
42%
1962 Jacques Plante
42%
1939 Toe Blake
42%
1951 Milt Schmidt
33%
1959 Andy Bathgate
25%
1961 Bernie Geoffrion
25%
1933 | 1935 | 1936 | 1938 Eddie Shore
25%
1945 Elmer Lach
25%
1946 Max Bentley
25%
1934 Aurèle Joliat
17%
1944 Babe Pratt
17%
1926 | 1930 Nels Stewart
17%
1949 Sid Abel
17%
1955 Ted Kennedy
17%
1954 Al Rollins
8%
1937 Babe Siebert
8%
1941 | 1943 Bill Cowley
8%
1925 Billy Burch
8%
1948 Buddy O'Connor
8%
1950 Chuck Rayner
8%
1940 Ebbie Goodfellow
8%
1924 Frank Nighbor
8%
1927 Herb Gardiner
8%
1942 Tommy Anderson
8%
1929 Roy Worters
0%
No matching quizzes found
Score Distribution
Percent of People with Each Score
Percentile by Number Answered
Your Score History
You have not taken this quiz since the last reset